MARC

LEADER 00000nab a2200000 a 4500
001 vtls008982991
003 SK-MaSNL
005 20260318123705.0
008 070423c2006 xo wr p 000 c0ukr
015 |a SNBRB2007/04 
038 |a SVKPOCL 
040 |a SVKPO  |b slo  |c SVKPO  |e AACR2 
041 0 |a ukr 
044 |a xo  |c SK 
080 |a 7.041.5:061.4  |2 2001 
080 |a 394.7  |2 2001 
080 |a 061.4  |2 2001 
080 |a 616-053.9  |2 2001 
100 1 |a Iľuk, Miroslav,  |d 1942-  |4 aut  |9 6395 
245 1 0 |a "I tut žyvut' ljudy"  |c [avtor] miv 
600 1 7 |a Kresila, Juraj,  |d 1932-2007  |2 svkpocl  |9 255275 
610 2 7 |a Dom dôchodcov a Domov sociálnych služieb (Nová Sedlica, Slovensko)  |2 svkpocl  |9 1316819 
611 2 7 |a Aj tu žijú ľudia  |g výstava  |d 2006 :  |c Nová Sedlica, Slovensko )  |2 svkpocl  |9 1316820 
648 7 |a 3.11.2006  |2 svkpocl  |9 1195630 
650 0 7 |a výtvarné umenie  |2 svkpocl  |9 723 
650 0 7 |a portréty  |2 svkpocl  |9 2975 
650 0 7 |a výstavy  |2 svkpocl  |9 2780 
651 7 |a Nová Sedlica (Slovensko)  |2 svkpocl  |9 17133 
651 7 |a Snina (Slovensko : okres)  |2 svkpocl  |9 56337 
773 0 |t Nove žyttja  |g Roč. 56, č. 47-48 (2006), s. 4 
852 |a SVKPO  |b KIS3GCP 
958 |a UK 
958 |a SK 
958 |a RN 
999 |c 2651997  |d 2653927